| 000 | 00000nam##2200000za#4500 |
| 001 | 9.671197 |
| 003 | CaOODSP |
| 005 | 20231123084324 |
| 007 | ta |
| 008 | 150407|2009||||xxc||||| f|0| 0 eng|d |
| 020 | |a978-0-662-06708-5 |
| 040 | |aCaOODSP|beng |
| 041 | |aeng |
| 041 | |afre |
| 043 | |an-cn--- |
| 086 | 1 |aFR5-41/1-2009 |
| 110 | 1 |aCanada. |bForeign Affairs and International Trade Canada. |
| 245 | 10|aCanada and the Americas - priorities and progress |
| 260 | |aOttawa - Ontario : |bForeign Affairs and International Trade |cc2009. |
| 300 | |aEnglish text, 22p. : |bfigs., graphs, photographs ; |c28 cm. |
| 520 | 3 |aProvides an overview of priorities and progress to date in achieving Canada’s vision for the Americas. |
| 563 | |aSoftcover |
| 590 | |a09-37|b2009-09-11 |
| 776 | 0#|tLe Canada dans les Amériques - priorités et progrès |w(CaOODSP)9.636845 |
| 776 | 0#|tCanada and the Americas - priorities and progress |w(CaOODSP)9.692578 |
| 792 | |tLe Canada dans les Amériques - priorités et progrès |efre|w(CaOODSP)9.671198 |